Idk what this is - Statistics

General Stats
  • This quiz has been taken 130 times
  • The average score is 6 of 8
Answer Stats
Question Country % Correct
Cities with the most visitors Bangkok | Paris | London | Dubai | Singapore | Kuala Lumpur | New York | Istanbul | Tokyo | Antalya |
100%
Countries with thebiggest population India | China | USA | Indonesia | Pakistan | Nigeria | Brazil | Bangladesh | Russia | Mexico
91%
Countries bigger thanAustralia Brazil | USA | China | Canada | Russia
89%
Countries with theleast population Vatican City | Tuvalu | Palau | Nauru | San Marino | Monaco | Liechtenstein | Marshallislands | Saint Kitts and Nevis | Greenland
83%
Countries Smaller Than Tuvalu Nauru | Vatican City | Monaco
81%
Biggest Cities Tokyo | Jakarta | Chongqing | Delhi | Shanghai | Seoul | Mumbai | Manila | New York | São Paulo
73%
Smallest Cities Hum | Adamstown | Saint Asaph | Saint Davids | Vatican City | Ngerulmud | Greenwood | San Marino | Norton City | Opatowiec
71%
Cities with the least visitors Smarkand | Bodden Town | Lichinga |Banja Luka | Liepaja | Solo | Nay Pyi Taw | Karak | Rotorua | Concepción
8%
No matching quizzes found
Score Distribution
Percent of People with Each Score
Percentile by Number Answered
Your Score History
You have not taken this quiz